000 00669nam a22002297a 4500
003 UA-OsUOA
001 48269
007 ta
008 20070903b un ||||| |||| 00| 0 ukr d
100 _aМушынски М.І.
090 _a82,09
_bМ93
942 _cBK
040 _aUA-OsUOA
_brus
_cUA-OsUOA
_dUA-OsUOA
245 _aБеларуская крытыка и литаратуразнауства 40-я-першая палавина 60-х гадоу
300 _a337 с.
955 _a2
041 _arus
080 _a82,09
260 _aМинск
_c1985
650 7 _a82 Література. Літературознавство
_2UDC
999 _c334369
_d334369